Brand Quiz #1 - Statistics

General Stats
  • This quiz has been taken 26 times
  • The average score is 32 of 38
Answer Stats
Picture Answer % Correct
KFC
100%
Polo
100%
Subway
100%
Adidas
94%
Cheetos
94%
Dunkin'
94%
Lego
94%
LG
94%
Motorola
94%
Mr.Clean
94%
Pepsi
94%
Snapchat
94%
Target
94%
Tide
94%
TikTok
94%
T-Mobile
94%
YouTube
94%
BBC
88%
Beats
88%
Canon
88%
MasterCard
88%
Xbox
88%
Aldi
81%
BP
81%
Fruit Of The Loom
81%
Lacoste
81%
Nikon
81%
Windows
81%
Gerber
75%
Harley Davidson
75%
Jollibee
75%
Knorr
75%
Tripadvisor
69%
Big Boy
63%
ShoeMart
56%
Cebu Pacific
44%
Tesla
44%
Robinsons
38%
No matching quizzes found
Score Distribution
Percent of People with Each Score
Percentile by Number Answered
Your Score History
You have not taken this quiz